Biggest states of Mexico by Area - Statistics

General Stats
  • This quiz has been taken 44 times
  • The average score is 12 of 15
Answer Stats
Area Answer % Correct
247,412.6 km² Chihuahua
100%
179,354.7 km² Sonora
95%
71,450.0 km² Baja California
92%
123,364.0 km² Durango
87%
78,595.9 km² Jalisco
87%
64,156.2 km² Nuevo León
84%
80,249.3 km² Tamaulipas
84%
71,823.5 km² Veracruz
84%
151,594.8 km² Coahuila
82%
93,757.6 km² Oaxaca
79%
63,595.9 km² Guerrero
76%
61,138.0 km² San Luis Potosí
76%
73,311.0 km² Chiapas
68%
75,275.3 km² Zacatecas
68%
73,909.4 km² Baja California Sur
66%
No matching quizzes found
Score Distribution
Percent of People with Each Score
Percentile by Number Answered
Your Score History
You have not taken this quiz